000 00737nas a2200253 4500
001 BR9204816
003 BR-BrBNA
005 20231205092800.0
007 ta
008 230509b bl.|||p| |||| 00| 00por d
040 _aBR-BrBNA
_bpor
_cBiblioteca Nacional de Agricultura
041 _a(Pt)
072 _aH20
100 1 _aSoave, J.
100 1 _aRicci, M.T. de T.
100 1 _aAzzini, L.E.
245 1 _aIndice de intensidade de infeccao adaptado ao estudo de manchas de sementes de arroz
650 _aARROZ
650 _aVARIEDADE
650 _aMANCHA DO GRAO
773 0 _tBragantia (Brazil)
_xISSN 0006-8705
_g(1988), v. 47(2) p. 223-237
_wBR9204816
909 _a202311
_bLúcia
_c55
_dLúcia Elande
942 _2AGRIS
_n0
_cANA
999 _c134142
_d134142